Statistics for Star Wars: The Clone Wars Characters By Screen Time

Click here to take the quiz!

General Stats

  • This quiz has been taken 199 times
  • The average score is 38 of 91

Answer Stats

CharacterHintMinutes% Correct
Anakin SkywalkerJedi470
99%
Obi-Wan KenobiJedi320
99%
Padmé AmidalaPolitician151
98%
R2-D2Droid119
98%
RexClone200
97%
YodaJedi96
97%
Ahsoka TanoCivilian471
95%
Mace WinduJedi97
95%
C-3PODroid62
94%
Sheev PalpatinePolitician66
94%
CodyClone53
90%
FivesClone83
90%
Cad BaneBounty Hunter55
88%
Boba FettBounty Hunter24
85%
DookuPolitician81
85%
MaulGangster61
81%
Asajj VentressBounty Hunter72
80%
GrievousMilitary Leader47
78%
Kit FistoJedi24
71%
EchoClone31
70%
Savage OpressGangster58
70%
Plo KoonJedi42
67%
Bail OrganaPolitician31
66%
Ki-Adi-MundiJedi20
58%
Jar Jar BinksPolitician53
54%
Luminara UnduliJedi23
53%
HevyClone12
52%
Aayla SecuraJedi18
50%
Ziro Desilijic TiureGangster11
50%
Barriss OffeeCivilian23
49%
Satine KryzePolitician52
48%
HunterClone21
47%
Aurra SingBounty Hunter16
45%
TalzinWitch25
45%
TechClone21
44%
Hondo OhnakaGangster34
43%
Pong KrellJedi21
43%
WreckerClone20
43%
CrosshairClone14
42%
Bo-Katan KryzeMilitary Leader24
41%
WolffeClone14
41%
Shaak TiJedi22
40%
WaxerClone10
38%
Wilhuff TarkinMilitary Leader13
38%
Wullf YularenMilitary Leader17
38%
JesseClone23
37%
HardcaseClone15
35%
Lux BonteriPolitician38
35%
EmboBounty Hunter15
34%
Pre VizslaPolitician25
29%
KixClone13
28%
Saw GerreraMilitary Leader24
28%
Onaconda FarrPolitician18
27%
TrenchMilitary Leader11
27%
Rush ClovisPolitician31
26%
TupClone20
25%
BlyClone10
24%
Nala SeCivilian17
24%
The FatherForce Wielder17
24%
Even PiellJedi10
22%
Mas AmeddaPolitician17
22%
The SonForce Wielder16
22%
Riyo ChuchiPolitician15
18%
Steela GerreraMilitary Leader27
18%
The Zillo BeastCreature13
17%
Gial AckbarMilitary Leader10
16%
Rafa MartezCivilian38
16%
AlmecPolitician16
15%
Trace MartezCivilian45
15%
GungiJedi21
13%
Lee-CharPolitician20
13%
Lott DodPolitician10
13%
Moralo EvalBounty Hunter17
13%
Orn Free TaaPolitician10
13%
RottaGangster10
12%
Miraj ScintelPolitician10
10%
Tera SinubeJedi11
10%
HuyangDroid12
9%
Korkie KryzeCivilian11
9%
KatooniJedi24
8%
KatuunkoPolitician11
8%
PetroJedi22
8%
AZI-3Droid17
7%
GanodiJedi14
7%
Meebur GasconMilitary Leader43
7%
ZattJedi17
7%
ByphJedi17
6%
QT-KTDroid24
6%
U9-C4Droid23
5%
WAC-47Droid34
5%
M5-BZDroid28
4%

Score Distribution

Percentile by Number Answered

Percent of People with Each Score

Your Score History

You have not taken this quiz